Charlie's raven / (Record no. 5947)

MARC details
000 -LEADER
fixed length control field 01530cam a22003734a 4500
001 - CONTROL NUMBER
control field 5947
003 - CONTROL NUMBER IDENTIFIER
control field FISKH
005 - DATE AND TIME OF LATEST TRANSACTION
control field 20250210161040.0
008 - FIXED-LENGTH DATA ELEMENTS--GENERAL INFORMATION
fixed length control field 041013s2004 nyua c 000 1 eng d
010 ## - LIBRARY OF CONGRESS CONTROL NUMBER
LC control number 2004558131
020 ## - INTERNATIONAL STANDARD BOOK NUMBER
International Standard Book Number 0525472193 (hardcover)
020 ## - INTERNATIONAL STANDARD BOOK NUMBER
International Standard Book Number 9780439874069
035 ## - SYSTEM CONTROL NUMBER
System control number (OCoLC)ocm55795462
037 ## - SOURCE OF ACQUISITION
Source of stock number/acquisition Junior Library Guild
Note http://www.juniorlibraryguild.com
040 ## - CATALOGING SOURCE
Original cataloging agency JLGCP
Transcribing agency JLGCP
Modifying agency IUI
-- TEF
-- DLC
Language of cataloging eng
050 ## - LIBRARY OF CONGRESS CALL NUMBER
Classification number PZ7.G2933 C
082 ## - DEWEY DECIMAL CLASSIFICATION NUMBER
Classification number 813.54
100 1# - MAIN ENTRY--PERSONAL NAME
Personal name George, Jean Craighead
Dates associated with a name (1919-2012)
245 10 - TITLE STATEMENT
Title Charlie's raven /
Statement of responsibility, etc. written and illustrated by Jean Craighead George.
250 ## - EDITION STATEMENT
Edition statement This edition first published in 2006
260 ## - PUBLICATION, DISTRIBUTION, ETC.
Place of publication, distribution, etc. New York :
Name of publisher, distributor, etc. Scholastic,
Date of publication, distribution, etc. 2004.
300 ## - PHYSICAL DESCRIPTION
Extent 190 pages :
Other physical details illustrations ;
Dimensions 20 cm.
505 ## - FORMATTED CONTENTS NOTE
Formatted contents note R<br/>
520 ## - SUMMARY, ETC.
Summary, etc. When Charlie's friend Singing Bird, a Teton Sioux, tells him that ravens have curing powers, Charlie steals a baby bird from its nest hoping it will cure his grandfather, and Granddad, a retired naturalist, encourages Charlie to record his observations of the bird and study the effect it has on humans.
521 8# - TARGET AUDIENCE NOTE
Target audience note 710<br/>
Source Lexile<br/>
521 8# - TARGET AUDIENCE NOTE
Target audience note R<br/>
Source Raz-Plus<br/>
650 #0 - SUBJECT ADDED ENTRY--TOPICAL TERM
Topical term or geographic name entry element Ravens
Form subdivision Juvenile fiction.
650 #0 - SUBJECT ADDED ENTRY--TOPICAL TERM
Topical term or geographic name entry element Grandparent and child
Form subdivision Juvenile fiction.
700 ## - ADDED ENTRY--PERSONAL NAME
Personal name George, Craighead Jean
Dates associated with a name illustrator
856 42 - ELECTRONIC LOCATION AND ACCESS
Materials specified Publisher description
Uniform Resource Identifier <a href="http://www.loc.gov/catdir/enhancements/fy0719/2004558131-d.html">http://www.loc.gov/catdir/enhancements/fy0719/2004558131-d.html</a>
906 ## - LOCAL DATA ELEMENT F, LDF (RLIN)
a 7
b cbc
c copycat
d 2
e ncip
f 20
g y-gencatlg
942 ## - ADDED ENTRY ELEMENTS (KOHA)
Source of classification or shelving scheme Dewey Decimal Classification
Koha item type Books
Suppress in OPAC No
Holdings
Withdrawn status Lost status Source of classification or shelving scheme Damaged status Not for loan Collection Home library Current library Shelving location Date acquired Total Checkouts Full call number Barcode Date last seen Copy number Price effective from Koha item type
    Dewey Decimal Classification     Juvenile Fiction Footprints International School Library Network Toul Kork Campus Footprints International School Library Network Toul Kork Campus TTP Primary Orange Bookshelves 02/10/2025   GEO 813.54 PZ7.G2933 C 2025-0487 02/10/2025 1 02/10/2025 Books